000 00550cam a22001457a 4500
008 180718b1957 xxu||||| |||| 00| 0 eng d
082 _aB7303x5461 In2b
100 _aIndia. Joint Committee
245 _aThe Delhi Municipal Corporation bill 1957 (report of the joint committee) presented on the 11th November, 1957
_cby Lok Sabha Secretariat
260 _aNew Delhi
_bLok Sabha Secretariat
_c1957
300 _a326+p.
500 _aChairman: Govind Ballabh Pant
700 _aIndia. Lok Sabha Secretariat
700 _aPant, Govind Ballabh (Chairman)
999 _c392467
_d392467